| 000 | 00703nam a2200193 i 4500 | ||
|---|---|---|---|
| 001 | 160318 | ||
| 003 | ES-MaACL | ||
| 005 | 20231111062533.0 | ||
| 008 | 990701s1876 sp |||| | spa d | ||
| 100 | 1 |
_aMudarra y Párraga, Prudencio. _984024 |
|
| 245 | 1 | 0 |
_aLecciones de principios generales de literatura y literatura española / _cpor Prudencio Mudarra y Párraga. |
| 260 |
_aSevilla : _b[s.n.], _c1876 ( _fImp. de Gironés y Orduña) |
||
| 300 |
_a717 p. ; _c21 cm. |
||
| 650 |
_aLiteratura- _xHistoria y crítica. _914489 |
||
| 650 | 4 |
_aLiteratura española- _xHistoria y crítica _914560 |
|
| 752 |
_aEspaña - _dSevilla |
||
| 852 |
_aES-MaACL _jC-2916 _z- Enc. hol. |
||
| 999 |
_c160318 _d160318 |
||